|
|
|
|
| LEADER |
00694nam a22001817a 4500 |
| 008 |
150424b xxu||||| |||| 00| 0 eng d |
| 020 |
|
|
|a 9788126204014
|
| 082 |
|
|
|a 338.1 ANI
|
| 240 |
|
|
|a Nattarivu
|
| 245 |
|
|
|a നാട്ടറിവ് /
|c കെ. എം. അനില്
|
| 250 |
|
|
|a 1st ed.
|
| 260 |
|
|
|a തിരുവനന്തപുരം :
|b ചിന്ത പബ്ലിഷേഴ്സ്,
|c 2009.
|
| 300 |
|
|
|a 136p.
|
| 650 |
|
|
|a Folklore
|
| 700 |
|
|
|a Anil, K. M.
|
| 942 |
|
|
|2 ddc
|c BK
|
| 999 |
|
|
|c 10942
|d 10942
|
| 952 |
|
|
|0 0
|1 4
|2 ddc
|4 0
|6 338_100000000000000_ANI
|7 0
|9 15501
|a MAIN
|b MAIN
|d 2015-04-24
|e Deshabhimani Books
|g 90.00
|l 8
|m 3
|o 338.1 ANI
|p 15677
|r 2018-10-01
|s 2018-03-21
|t 1
|w 2015-04-24
|y BK
|